000
00335nam a2200145Ia 4500
005
20251222144727.0
008
251222s9999||||xx |||||||||||||| ||spa||
020
_a
968-6034-79-X
082
_a
338.5/L49
100
_a
LeRoy Miller, Roger
245
0
_a
MicroeconomÃa Moderna
250
_a
4a.ed.
264
_b
México
942
_c
LIB
999
_c
18426
_d
18426